[Event "POR-chT"]
[Site "Porto"]
[Date "2013.08.21"]
[Round "5.5"]
[White "Silva, Miguel Alexandre Go"]
[Black "Cavaleiro, Daniel Felipe Costa"]
[Result "1-0"]
[WhiteElo "2111"]
[BlackElo "1893"]
[PlyCount "115"]
[EventDate "2013.08.18"]
[EventType "team-tourn"]
[EventRounds "9"]
[EventCountry "POR"]
[SourceTitle "CBM 156 Extra"]
[Source "ChessBase"]
[SourceDate "2013.10.22"]
[SourceVersion "1"]
[SourceVersionDate "2013.10.22"]
[SourceQuality "1"]
[WhiteTeam "Diana"]
[BlackTeam "Montemor o Velho"]
[WhiteTeamCountry "POR"]
[BlackTeamCountry "POR"]

1. c4 Nf6 2. g3 e6 3. Bg2 Be7 4. d4 d5 5. Nf3 0-0 6. 0-0 Nbd7 7. Qc2 c6 8. Nbd2 Re8 9. e4 Nxe4 10. Nxe4 dxe4 11. Qxe4 Bf6 12. Rd1 Qb6 13. Ne5 Nxe5 14. dxe5 Be7 15. Qc2 Qc7 16. Qe4 c5 17. Bf4 Rb8 18. h4 Bd7 19. Qe3 Bc6 20. Bxc6 Qxc6 21. Bg5 Bf8 22. Rd2 h6 23. Bf4 Red8 24. Rad1 Qc7 25. Qe4 b6 26. Qe2 Be7 27. Qg4 Rxd2 28. Rxd2 Kh7 29. Qh5 Kg8 30. Rd3 Rd8 31. Rf3 Bf8 32. Qg4 Kh7 33. Be3 Qb7 34. Rf4 Kh8 35. Qe2 Qd7 36. Kh2 Kg8 37. Qf3 Qc7 38. h5 Rd7 39. Qe4 Qb7 40. Qc2 Qc7 41. Qe4 Qb7 42. Qxb7 Rxb7 43. Kg2 Be7 44. Re4 a6 45. b3 a5 46. Bf4 Kf8 47. Re2 Ke8 48. a4 Rd7 49. Rd2 Bg5 50. Bxg5 hxg5 51. Rxd7 Kxd7 52. Kf3 Ke7 53. Kg4 f6 54. h6 gxh6 55. Kh5 fxe5 56. Kxh6 Kf6 57. g4 e4 58. Kh5 1-0

[Event "POR-ch"]
[Site "Amadora"]
[Date "2010.09.10"]
[Round "7"]
[White "Pires, Emanuel Joao Robart"]
[Black "Silva, Miguel Alexandre Go"]
[Result "1-0"]
[WhiteElo "2060"]
[BlackElo "2051"]
[PlyCount "71"]
[EventDate "2010.08.28"]
[EventType "swiss"]
[EventRounds "9"]
[EventCountry "POR"]
[SourceTitle "CBM 138 Extra"]
[Source "ChessBase"]
[SourceDate "2010.10.29"]
[SourceVersion "1"]
[SourceVersionDate "2010.10.29"]
[SourceQuality "1"]

1. e4 c5 2. d3 Nc6 3. f4 g6 4. Nf3 Bg7 5. c3 e6 6. Be2 Nge7 7. 0-0 0-0 8. Na3 d5 9. e5 a6 10. Nc2 d4 11. Ng5 f6 12. exf6 Bxf6 13. Ne4 Bg7 14. Qe1 Qb6 15. c4 e5 16. Rb1 Bf5 17. Bf3 exf4 18. Bxf4 Ne5 19. Bxe5 Bxe5 20. b4 Qc7 21. bxc5 Bxh2+ 22. Kh1 Nc6 23. Nd6 Bxd6 24. cxd6 Qxd6 25. Rxb7 Bxd3 26. Qh4 h5 27. Qg5 Be4 28. Qh6 Ne7 29. Nxd4 Rab8 30. Rxb8 Qxb8 31. Ne6 Rf7 32. Ng5 Bxf3 33. Nxf7 Bxg2+ 34. Kxg2 Qb7+ 35. Rf3 Qb2+ 36. Kh3 1-0

[Event "POR-ch sf"]
[Site "Amadora"]
[Date "2009.09.13"]
[Round "9"]
[White "Silva, Miguel Alexandre Go"]
[Black "Rodrigues, Afonso"]
[Result "1/2-1/2"]
[WhiteElo "2028"]
[BlackElo "2190"]
[PlyCount "45"]
[EventDate "2009.09.05"]
[EventType "swiss"]
[EventRounds "9"]
[EventCountry "POR"]
[SourceTitle "EXT 2015"]
[Source "ChessBase"]
[SourceDate "2014.11.20"]
[SourceVersion "1"]
[SourceVersionDate "2014.11.20"]
[SourceQuality "1"]

1. e4 e6 2. d4 d5 3. Nc3 Nf6 4. Bg5 dxe4 5. Nxe4 Be7 6. Bxf6 gxf6 7. Nf3 f5 8. Nc3 b6 9. Bc4 Bf6 10. Qe2 Qe7 11. 0-0-0 c6 12. Rhe1 b5 13. Bd3 a5 14. Ne5 a4 15. Qh5 b4 16. Nb1 Rg8 17. g3 Bxe5 18. Rxe5 Qg5+ 19. Qxg5 Rxg5 20. h4 Rh5 21. Rde1 Kf8 22. Be2 Rh6 23. Bd3 1/2-1/2

[Event "POR-ch sf"]
[Site "Amadora"]
[Date "2009.09.09"]
[Round "6"]
[White "Pires, Gustavo"]
[Black "Silva, Miguel Alexandre Go"]
[Result "1/2-1/2"]
[WhiteElo "1955"]
[BlackElo "2028"]
[PlyCount "49"]
[EventDate "2009.09.05"]
[EventType "swiss"]
[EventRounds "9"]
[EventCountry "POR"]
[SourceTitle "EXT 2015"]
[Source "ChessBase"]
[SourceDate "2014.11.20"]
[SourceVersion "1"]
[SourceVersionDate "2014.11.20"]
[SourceQuality "1"]

1. d4 Nf6 2. c4 c5 3. d5 e6 4. Nc3 exd5 5. cxd5 d6 6. e4 g6 7. f4 Bg7 8. Bb5+ Nfd7 9. a4 0-0 10. Nf3 Re8 11. 0-0 a6 12. Bxd7 Nxd7 13. Re1 Nb6 14. h3 Nd7 15. e5 dxe5 16. d6 e4 17. Nxe4 Nf6 18. Nxf6+ Bxf6 19. Ne5 Re6 20. Qd5 Qxd6 21. Qxd6 Rxd6 22. Nc4 Bd4+ 23. Be3 Re6 24. Bxd4 cxd4 25. Red1 1/2-1/2

[Event "EU-ch U16 18th"]
[Site "Herceg Novi"]
[Date "2008.09.22"]
[Round "7"]
[White "Kaforos, Dimitrios Alkis"]
[Black "Silva, Miguel Alexandre Go"]
[Result "1-0"]
[WhiteElo "2173"]
[BlackElo "2074"]
[PlyCount "57"]
[EventDate "2008.09.15"]
[EventType "swiss"]
[EventRounds "9"]
[EventCountry "MNE"]
[SourceTitle "CBM 126 Extra"]
[Source "ChessBase"]
[SourceDate "2008.11.05"]
[SourceVersion "1"]
[SourceVersionDate "2008.11.05"]
[SourceQuality "1"]

1. e4 c5 2. Nf3 d6 3. c3 Nf6 4. h3 Nc6 5. Bd3 e5 6. 0-0 Be7 7. Bc2 0-0 8. d4 cxd4 9. cxd4 Bd7 10. Nc3 Rc8 11. d5 Nb4 12. Bb1 a5 13. Be3 Na6 14. Qe2 Nc5 15. Bd3 b5 16. Bxb5 Bxb5 17. Qxb5 Rb8 18. Qe2 Nfxe4 19. Nxe4 Nxe4 20. Ba7 Ra8 21. Qxe4 Rxa7 22. Rac1 f5 23. Qc4 Bf6 24. b3 Qb6 25. Qc6 Rb8 26. Nd2 Ra6 27. Qd7 Qd4 28. Qe6+ Kh8 29. Rc8+ 1-0

[Event "EU-ch U16 17th"]
[Site "Sibenik"]
[Date "2007.09.19"]
[Round "6"]
[White "Klim, Kamil"]
[Black "Silva, Miguel Alexandre Go"]
[Result "1-0"]
[WhiteElo "2126"]
[BlackElo "1999"]
[PlyCount "77"]
[EventDate "2007.09.14"]
[EventType "swiss"]
[EventRounds "9"]
[EventCountry "CRO"]
[SourceTitle "CBM 120 Extra"]
[Source "ChessBase"]
[SourceDate "2007.11.01"]
[SourceVersion "1"]
[SourceVersionDate "2007.11.01"]
[SourceQuality "1"]

1. d4 Nf6 2. c4 c5 3. d5 e6 4. Nc3 exd5 5. cxd5 d6 6. Nf3 g6 7. e4 Bg7 8. Be2 0-0 9. 0-0 Re8 10. Nd2 a6 11. a4 Nbd7 12. Qc2 Rb8 13. Nc4 Nb6 14. a5 Nxc4 15. Bxc4 Ng4 16. h3 Ne5 17. Be2 g5 18. Nd1 g4 19. hxg4 Nxg4 20. Bxg4 Bxg4 21. f3 Bd7 22. g3 Qf6 23. Bf4 Qg6 24. Qd2 f5 25. exf5 Bxf5 26. Ne3 Bd4 27. Kg2 Bd7 28. Rae1 b5 29. Rh1 Rf8 30. Rh6 Qg7 31. Ng4 Bxg4 32. fxg4 Rbd8 33. Rh5 Rf6 34. Re6 Rxe6 35. dxe6 Bf6 36. Rf5 Qe7 37. Bg5 Rf8 38. Bxf6 Rxf6 39. Qg5+ 1-0

[Event "Lisbon-ch qual"]
[Site "Olival Basto"]
[Date "2006.03.10"]
[Round "3"]
[White "Silva, Miguel Alexandre Go"]
[Black "Morais, Vitor Mestre"]
[Result "0-1"]
[WhiteElo "1954"]
[BlackElo "2059"]
[PlyCount "78"]
[EventDate "2006.03.06"]
[EventType "swiss"]
[EventRounds "10"]
[EventCountry "POR"]
[SourceTitle "EXT 2008"]
[Source "ChessBase"]
[SourceDate "2007.11.25"]
[SourceVersion "1"]
[SourceVersionDate "2007.11.25"]
[SourceQuality "1"]

1. e4 c5 2. Nf3 d6 3. d4 cxd4 4. Nxd4 Nf6 5. Nc3 a6 6. Be2 e5 7. Nb3 Be6 8. Be3 Nbd7 9. 0-0 Rc8 10. a4 Qc7 11. a5 Be7 12. Qd2 0-0 13. Rac1 Bc4 14. Rfd1 Rfe8 15. f3 Bxb3 16. cxb3 Qxa5 17. Nd5 Qxd2 18. Nxe7+ Kf8 19. Bxd2 Kxe7 20. Bb4 Nc5 21. Bc4 Rc6 22. Bd5 Nxd5 23. Rxd5 Rec8 24. f4 f6 25. fxe5 fxe5 26. h3 a5 27. Ba3 b6 28. g3 Ke6 29. Kg2 Nxe4 30. Rcd1 Rd8 31. Kf3 Nf6 32. R5d2 d5 33. b4 d4 34. bxa5 bxa5 35. g4 h6 36. h4 Kd5 37. g5 hxg5 38. hxg5 Ne4 39. Re2 Nxg5+ 0-1

[Event "EU Union-ch U14 4th"]
[Site "Mureck"]
[Date "2006.??.??"]
[Round "9"]
[White "Silva, Miguel Alexandre Go"]
[Black "Messina, Roberta"]
[Result "1-0"]
[WhiteElo "1954"]
[BlackElo "1859"]
[PlyCount "149"]
[EventDate "2006.??.??"]
[EventType "swiss"]
[EventRounds "9"]
[EventCountry "AUT"]
[SourceTitle "EXT 2022"]
[Source "ChessBase"]
[SourceDate "2021.10.06"]
[SourceVersion "1"]
[SourceVersionDate "2021.10.06"]
[SourceQuality "1"]

1. e4 c5 2. Nf3 d6 3. d4 cxd4 4. Qxd4 Nc6 5. Bb5 Bd7 6. Bxc6 bxc6 7. 0-0 Nf6 8. Bg5 c5 9. Qd3 Bc6 10. Re1 g6 11. e5 Nh5 12. exd6 f6 13. dxe7 Bxe7 14. Qxd8+ Kxd8 15. Bh4 g5 16. Bg3 Nxg3 17. hxg3 Re8 18. Nc3 Kc7 19. Rad1 Bf8 20. Nd2 Rad8 21. Nc4 h5 22. Ne3 Kb7 23. Nc4 Kc7 24. Rxe8 Rxe8 25. Ne3 Kb7 26. Ncd5 Bxd5 27. Nxd5 f5 28. Kf1 Re6 29. Re1 Rxe1+ 30. Kxe1 Bg7 31. b3 Ka6 32. c4 Ka5 33. Ke2 Bd4 34. f3 Bb2 35. a4 Be5 36. g4 fxg4 37. fxg4 hxg4 38. Ke3 Bd4+ 39. Ke4 g3 40. Kf5 Bf2 41. Kxg5 Be1 42. Kf4 Bf2 43. Ke5 Bd4+ 44. Kd6 Bf2 45. Kc6 Bd4 46. Kb7 a6 47. Kc6 Bf2 48. Nc7 Bd4 49. Kd5 Kb6 50. Ne6 Bf2 51. Nf4 Ka5 52. Nd3 Kb6 53. Ke4 Ka5 54. Kf3 Bd4 55. Kxg3 Kb6 56. Kf4 Ka5 57. g4 Kb6 58. Kf5 Bg7 59. g5 Kc6 60. Kg6 Bd4 61. Kf7 Kb6 62. g6 Kc6 63. g7 Bxg7 64. Kxg7 Kb6 65. Kf7 Kc6 66. Ke6 Kb6 67. Kd5 Ka5 68. Kd6 Kb6 69. Nxc5 Ka5 70. Nd3 Kb6 71. c5+ Kb7 72. c6+ Kc8 73. c7 a5 74. Nf2 Kb7 75. Kd7 1-0

[Event "Lisbon Absoluto AXS op"]
[Site "Lisbon"]
[Date "2006.??.??"]
[Round "5"]
[White "Silva, Miguel Alexandre Go"]
[Black "Pereira, Ricardo Joao Correi"]
[Result "0-1"]
[WhiteElo "1954"]
[BlackElo "1921"]
[PlyCount "86"]
[EventDate "2006.??.??"]
[EventType "swiss"]
[EventRounds "9"]
[EventCountry "POR"]
[SourceTitle "EXT 2008"]
[Source "ChessBase"]
[SourceDate "2007.11.25"]
[SourceVersion "1"]
[SourceVersionDate "2007.11.25"]
[SourceQuality "1"]

1. e4 d6 2. d4 Nf6 3. Bd3 e5 4. dxe5 dxe5 5. Nf3 Nbd7 6. 0-0 g6 7. Nc3 Bg7 8. h3 0-0 9. Be3 c6 10. Qd2 Re8 11. Rad1 Qc7 12. Bc4 b5 13. Bb3 b4 14. Ne2 Nxe4 15. Qxb4 Ndf6 16. Ng5 Nxg5 17. Bxg5 a5 18. Qd6 Qxd6 19. Rxd6 Ne4 20. Rd8 Ba6 21. Rxa8 Rxa8 22. Be3 Bxe2 23. Re1 Ba6 24. f3 Nd6 25. Bd2 Bc4 26. Bxc4 Nxc4 27. Bc3 f6 28. b3 Nb6 29. a4 Nd5 30. Bd2 Bf8 31. Rd1 Kf7 32. c4 Nc7 33. Bxa5 Ne6 34. Bc3 Nd4 35. Bxd4 exd4 36. Kf1 c5 37. g3 Bd6 38. f4 Rb8 39. Rd3 Bc7 40. Ke1 Ba5+ 41. Kd1 Re8 42. h4 Re1+ 43. Kc2 Ke6 0-1

[Event "Lisbon-ch 15th"]
[Site "Lisbon"]
[Date "2005.05.23"]
[Round "10"]
[White "Santos, Jose Alves"]
[Black "Silva, Miguel Alexandre Go"]
[Result "1-0"]
[WhiteElo "2176"]
[BlackElo "1975"]
[PlyCount "65"]
[EventDate "2005.05.02"]
[EventType "tourn"]
[EventRounds "11"]
[EventCountry "POR"]
[SourceTitle "CBM 106 Extra"]
[Source "ChessBase"]
[SourceDate "2005.07.01"]
[SourceVersion "1"]
[SourceVersionDate "2005.07.01"]
[SourceQuality "1"]

1. e4 c5 2. f4 d6 3. Nf3 Nc6 4. c3 Nf6 5. Bd3 d5 6. e5 Nd7 7. Ng5 e6 8. h4 c4 9. Bc2 Nc5 10. b4 cxb3 11. axb3 d4 12. b4 d3 13. bxc5 dxc2 14. Qxc2 Bxc5 15. Ba3 Bxa3 16. Nxa3 Qd5 17. Qe4 h6 18. Qxd5 exd5 19. Nf3 Bg4 20. Nb5 Bxf3 21. Nd6+ Ke7 22. gxf3 Rab8 23. Rg1 Rhg8 24. d4 b5 25. Ra6 Rb6 26. Rxb6 axb6 27. Nxb5 g6 28. f5 Ra8 29. fxg6 Ra1+ 30. Kf2 Rxg1 31. Kxg1 fxg6 32. Nc7 b5 33. Nxb5 1-0

[Event "Lisbon-ch 15th"]
[Site "Lisbon"]
[Date "2005.05.16"]
[Round "7"]
[White "Silva, Miguel Alexandre Go"]
[Black "Cruz, Paulo A Pereira"]
[Result "0-1"]
[WhiteElo "1975"]
[BlackElo "2097"]
[PlyCount "64"]
[EventDate "2005.05.02"]
[EventType "tourn"]
[EventRounds "11"]
[EventCountry "POR"]
[SourceTitle "CBM 106 Extra"]
[Source "ChessBase"]
[SourceDate "2005.07.01"]
[SourceVersion "1"]
[SourceVersionDate "2005.07.01"]
[SourceQuality "1"]

1. e4 d6 2. d4 Nf6 3. Nc3 e5 4. Nf3 Nbd7 5. Bc4 Be7 6. 0-0 0-0 7. Re1 c6 8. Qe2 Qc7 9. a4 Nb6 10. Bb3 Bg4 11. dxe5 dxe5 12. h3 Bh5 13. Bg5 Nbd7 14. Bh4 a5 15. Rad1 Bb4 16. Qe3 Bg6 17. Bxf6 Nxf6 18. Qg5 Rfe8 19. Nh4 Bxc3 20. bxc3 Bxe4 21. f3 h6 22. Qg3 Bh7 23. Kh1 Kh8 24. Re2 g5 25. Rde1 gxh4 26. Qxh4 Ng8 27. Qh5 Bg6 28. Qg4 Re7 29. h4 Rae8 30. h5 Bh7 31. Re4 Bxe4 32. fxe4 Nf6 0-1

[Event "Carris GD op 3rd"]
[Site "Portugal"]
[Date "2005.??.??"]
[Round "3"]
[White "Morais, Vitor Mestre"]
[Black "Silva, Miguel Alexandre Go"]
[Result "1-0"]
[WhiteElo "2177"]
[BlackElo "1960"]
[PlyCount "98"]
[EventDate "2005.??.??"]
[EventType "swiss"]
[EventRounds "7"]
[EventCountry "POR"]
[SourceTitle "EXT 2007"]
[Source "ChessBase"]
[SourceDate "2006.11.23"]
[SourceVersion "1"]
[SourceVersionDate "2006.11.23"]
[SourceQuality "1"]

1. d4 Nf6 2. Nf3 e6 3. g3 Be7 4. Bg2 0-0 5. 0-0 c5 6. c4 cxd4 7. Nxd4 Nc6 8. Nc2 Qc7 9. Nc3 a6 10. e4 d6 11. b3 Rd8 12. Bb2 Rb8 13. Rc1 Qa5 14. a3 b5 15. cxb5 axb5 16. b4 Qb6 17. Ne3 Ne5 18. Qe2 Bd7 19. Rfd1 Rdc8 20. Kh1 Be8 21. h3 Nc4 22. Nxc4 Rxc4 23. Rd3 Rbc8 24. Rcd1 Bc6 25. Nd5 exd5 26. exd5 Bd7 27. Qxe7 Re8 28. Bd4 Qc7 29. Bxf6 Rxe7 30. Bxe7 Bxh3 31. Bxh3 Qxe7 32. Re3 Re4 33. Rde1 Rxe3 34. Rxe3 Qd8 35. Rc3 f5 36. Bxf5 Qg5 37. Be6+ Kf8 38. Kg2 Qe5 39. Rf3+ Ke7 40. Re3 Qd4 41. Bg8+ Kd8 42. Be6 h6 43. Kh2 g5 44. Rf3 Ke8 45. Re3 Kd8 46. g4 Qf4+ 47. Kg2 Qd4 48. Rf3 Ke8 49. Re3 Kd8 1-0

[Event "Olival Basto Region tt"]
[Site "Olival Basto"]
[Date "2004.04.02"]
[Round "3.3"]
[White "Silva, Miguel Alexandre Go"]
[Black "Fanha, Paulo Alexandre Mar"]
[Result "0-1"]
[WhiteElo "1871"]
[BlackElo "2041"]
[PlyCount "94"]
[EventDate "2004.03.29"]
[EventType "team"]
[EventRounds "10"]
[EventCountry "POR"]
[SourceTitle "EXT 2006"]
[Source "ChessBase"]
[SourceDate "2005.11.24"]
[SourceVersion "1"]
[SourceVersionDate "2005.11.24"]
[SourceQuality "1"]

1. e4 c5 2. Nf3 d6 3. d4 cxd4 4. Nxd4 Nf6 5. Nc3 e5 6. Nb3 Nc6 7. Bc4 Be6 8. Qe2 d5 9. exd5 Nxd5 10. Nxd5 Bxd5 11. Bxd5 Qxd5 12. 0-0 Be7 13. Rd1 Qe6 14. Rd3 0-0 15. Rh3 Rad8 16. Be3 Rd5 17. c4 Rd7 18. Nd2 Rfd8 19. Ne4 Nd4 20. Qh5 Qg6 21. Qxg6 hxg6 22. Kf1 Nc2 23. Rb1 Nxe3+ 24. Rxe3 Rd4 25. b3 f5 26. Nc3 Rd2 27. a4 Rc2 28. Nd5 Bc5 29. Re2 Rxe2 30. Kxe2 a5 31. Rd1 Kf7 32. Rd3 Rh8 33. Rh3 Rxh3 34. gxh3 g5 35. Kf1 Kg6 36. Kg2 Kh5 37. Kg3 e4 38. Kg2 f4 39. Nc7 f3+ 40. Kg1 e3 41. fxe3 Bxe3+ 42. Kf1 Kh4 43. Ne6 Kxh3 44. Nxg7 Kxh2 45. Nf5 Bc5 46. Ng7 g4 47. Ne6 g3 0-1

[Event "Lisbon Alekhine op"]
[Site "Lisbon"]
[Date "2004.02.24"]
[Round "5"]
[White "Catarino, Marcio Lopes"]
[Black "Silva, Miguel Alexandre Go"]
[Result "1-0"]
[WhiteElo "1713"]
[BlackElo "1871"]
[PlyCount "87"]
[EventDate "2004.02.20"]
[EventType "swiss"]
[EventRounds "6"]
[EventCountry "POR"]
[SourceTitle "EXT 2005"]
[Source "ChessBase"]
[SourceDate "2004.11.15"]
[SourceVersion "1"]
[SourceVersionDate "2004.11.15"]
[SourceQuality "1"]

1. e4 c5 2. Nf3 d6 3. d4 cxd4 4. Nxd4 Nf6 5. Nc3 g6 6. Be3 Bg7 7. f3 0-0 8. Qd2 Nc6 9. 0-0-0 Qa5 10. Kb1 Bd7 11. g4 Nxd4 12. Bxd4 Kh8 13. h4 Be6 14. h5 Kg8 15. hxg6 fxg6 16. g5 Nh5 17. Bxg7 Nxg7 18. Qh2 Nh5 19. Nd5 Bxd5 20. exd5 Rac8 21. Be2 Rf4 22. Qh3 Rc7 23. Qe6+ Kf8 24. Qe3 Qc5 25. Qd2 Rf5 26. f4 Ng3 27. Rxh7 Rxd5 28. Bd3 Nf5 29. Qh2 Ke8 30. Rh8+ Kd7 31. Bxf5+ Rxf5 32. c3 Qe3 33. Qd2 Qe4+ 34. Kc1 Rxf4 35. Rh7 Rc6 36. Re1 Qa4 37. Rhxe7+ Kd8 38. Re8+ Kc7 39. R1e7+ Kb6 40. Qe3+ Rc5 41. Qd3 Rd5 42. Qxd5 Rf1+ 43. Re1 Rf2 44. Qd4+ 1-0

[Event "EU Union-ch U12"]
[Site "Mureck"]
[Date "2004.??.??"]
[Round "7"]
[White "Kowalczyk, Pawel"]
[Black "Silva, Miguel Alexandre Go"]
[Result "0-1"]
[WhiteElo "2000"]
[BlackElo "1910"]
[PlyCount "140"]
[EventDate "2004.08.??"]
[EventType "swiss"]
[EventRounds "9"]
[EventCountry "AUT"]
[SourceTitle "EXT 2005"]
[Source "ChessBase"]
[SourceDate "2004.11.15"]
[SourceVersion "1"]
[SourceVersionDate "2004.11.15"]
[SourceQuality "1"]

1. e4 c5 2. Nf3 d6 3. d4 cxd4 4. Nxd4 Nf6 5. Nc3 g6 6. Be3 Bg7 7. f3 0-0 8. Bc4 Nc6 9. Bb3 Bd7 10. Qd2 Qa5 11. Nce2 Qxd2+ 12. Kxd2 Rfc8 13. Nxc6 bxc6 14. c4 a5 15. Nc3 c5 16. Ba4 Bxa4 17. Nxa4 Nd7 18. Rac1 Rcb8 19. b3 Ne5 20. h3 Nc6 21. Nc3 Nb4 22. a4 Bxc3+ 23. Rxc3 Nc6 24. Kc2 e5 25. Rd1 Nd4+ 26. Kb2 Rb7 27. f4 Rab8 28. Bxd4 exd4 29. Rg3 Re7 30. Rd2 Rxe4 31. f5 Rbe8 32. fxg6 hxg6 33. Rg5 R8e5 34. Rg3 Re3 35. Rg4 Kg7 36. Rf4 Re2 37. Rf2 Rxd2+ 38. Rxd2 Re3 39. Rf2 f5 40. h4 Kh6 41. Kc2 Kh5 42. Rd2 Kxh4 43. b4 axb4 44. Rd3 Re7 45. Kb3 Ra7 46. Rh3+ Kg5 47. Rh8 Kg4 48. Rg8 Kh5 49. Rh8+ Kg4 50. Rh3 g5 51. Rf3 f4 52. Rh3 Kf5 53. Rh1 g4 54. Rh8 Ke4 55. Rh4 g3 56. Rh6 Ke3 57. Re6+ Kf2 58. Re4 f3 59. gxf3 g2 60. Rg4 g1Q 61. Rxg1 Kxg1 62. f4 Rh7 63. f5 Kf2 64. f6 d3 65. a5 d2 66. Ka4 d1Q+ 67. Kb5 Rf7 68. a6 Qa1 69. a7 Rxa7 70. f7 Qa6# 0-1